000 00633nam a2200193Ia 4500
003 GCL
008 140319s9999 xx 000 0 ara d
040 _aGCL /
_cGCL
082 0 4 _a956.906
_bى م
100 1 _aيزيد صايغ
245 1 0 _aالمجمع العسكرى الصناعى فى اسرائيل دراسة استطلاعية /
_cيزيد صايغ
700 1 _aبورام بيرى
700 1 _aامنون نويباح
260 _a[S.N] :
_bمؤسسة الدراسات الفلسطينية ،
_c1985
300 _a93 ص
490 _aسلسلة الدراسات
_v0
650 0 4 _aاسرائيل
942 _2ddc
_cBK
999 _c55764
_d55764